Democracy, good governance and the development in nigeria (Record no. 3590)

MARC details
000 -LEADER
fixed length control field 00440nam a22001337a 4500
008 - FIXED-LENGTH DATA ELEMENTS--GENERAL INFORMATION
fixed length control field 250521b |||||||| |||| 00| 0 eng d
020 ## - INTERNATIONAL STANDARD BOOK NUMBER
ISBN 9783614339
245 ## - TITLE STATEMENT
Title Democracy, good governance and the development in nigeria
260 ## - PUBLICATION, DISTRIBUTION, ETC. (IMPRINT)
Place of publication Abuja
Name of publisher federal ministry of information & national orientation
Date of publication 2003
300 ## - COLLATION
Pagination vii, 412p.
Other physical details ill.
650 ## - TRACINGS
Main Subject Democracy-Nigeria
Subdivision (1st) Sustainable development Nigeria
942 ## - ADDED ENTRY ELEMENTS (KOHA)
Item type Books
050 ## - LIBRARY OF CONGRESS CALL NUMBER
Classification number JQ3096
Item number .D46
Holdings
Source of classification or shelving scheme Not for loan Permanent location Current location Date acquired Accession No. Full call number Barcode. Koha item type
Dewey Decimal Classification   Samuel Ogbemudia Main Library, University of Abuja Samuel Ogbemudia Main Library, University of Abuja 05/21/2025 2005-28334 JQ3096.D46 2025-2063 Books